[Event "Quebec Montcalm op"]
[Site "Quebec"]
[Date "2017.01.06"]
[Round "1"]
[White "Potvin, Alain Nicolas"]
[Black "Berube, Antoine"]
[Result "0-1"]
[WhiteElo "1770"]
[BlackElo "2153"]
[PlyCount "102"]
[EventDate "2017.01.06"]
[EventType "swiss"]
[EventRounds "5"]
[EventCountry "CAN"]
[SourceTitle "EXT 2022"]
[Source "ChessBase"]
[SourceDate "2021.10.06"]
[SourceVersion "1"]
[SourceVersionDate "2021.10.06"]
[SourceQuality "1"]

1. d4 d5 2. Nf3 Nf6 3. e3 Bf5 4. c4 c6 5. cxd5 cxd5 6. Nc3 Nc6 7. Qb3 Rb8 8. Ne5 e6 9. Bb5 Nd7 10. Nxd7 Qxd7 11. Bd2 Bd6 12. Rc1 0-0 13. 0-0 a6 14. Be2 b5 15. f4 Na5 16. Qd1 Nc4 17. Bxc4 bxc4 18. Qa4 Qxa4 19. Nxa4 Rb5 20. Rf2 Rfb8 21. Bc3 h6 22. h3 h5 23. a3 f6 24. Kh2 Kf7 25. Rg1 Rh8 26. g3 g5 27. fxg5 h4 28. Rf4 hxg3+ 29. Rxg3 fxg5 30. Rff3 Rxh3+ 31. Kg2 Rxg3+ 32. Rxg3 Bxg3 33. Kxg3 Rb8 34. Nc5 Ra8 35. a4 a5 36. Nb7 Bc2 37. Nc5 Ra7 38. Kg4 Kf6 39. e4 Bxe4 40. Nxe4+ dxe4 41. d5+ e5 42. Bd2 Rd7 43. Bxg5+ Kg6 44. Bd2 Rxd5 45. Bc3 Kf6 46. Be1 Rd1 47. Bxa5 Rg1+ 48. Kh3 Ra1 49. Bc3 Rxa4 50. Kg3 Kf5 51. Kf2 Ra7 0-1

[Event "Quebec Montcalm op"]
[Site "Quebec"]
[Date "2016.01.08"]
[Round "1"]
[White "Potvin, Alain Nicolas"]
[Black "Rodrigue Lemieux, Shawn"]
[Result "0-1"]
[WhiteElo "1798"]
[BlackElo "2068"]
[PlyCount "66"]
[EventDate "2016.01.08"]
[EventType "swiss"]
[EventRounds "5"]
[EventCountry "CAN"]
[SourceTitle "EXT 2022"]
[Source "ChessBase"]
[SourceDate "2021.10.06"]
[SourceVersion "1"]
[SourceVersionDate "2021.10.06"]
[SourceQuality "1"]

1. d4 d5 2. Nf3 e6 3. e3 Nf6 4. Bd3 c5 5. c3 Nc6 6. Nbd2 Bd6 7. 0-0 0-0 8. Qe2 b6 9. dxc5 bxc5 10. e4 Qc7 11. Re1 dxe4 12. Nxe4 Nxe4 13. Qxe4 f5 14. Qh4 e5 15. Ng5 g6 16. Bc4+ Kh8 17. b3 Nd8 18. Bb2 Qg7 19. Rad1 Be7 20. Bd5 Rb8 21. c4 Bf6 22. f4 Bb7 23. fxe5 Bxg5 24. Qxg5 h6 25. Qd2 Kh7 26. e6 Qe7 27. Be5 Rc8 28. Bxb7 Nxb7 29. Qd7 Rce8 30. Qxe7+ Rxe7 31. Rd7 Rfe8 32. Bf6 Rxd7 33. Kf2 Rd6 0-1

[Event "Zukertort"]
[Site "Charlesbourg"]
[Date "2015.03.02"]
[Round "4"]
[White "Potvin, Alain Nicolas"]
[Black "Beauchesne, Jonathan"]
[Result "0-1"]
[WhiteElo "1780"]
[BlackElo "1725"]
[PlyCount "72"]
[EventDate "2015.02.09"]
[EventType "swiss"]
[EventRounds "5"]
[EventCountry "CAN"]
[SourceTitle "EXT 2019"]
[Source "ChessBase"]
[SourceDate "2018.10.10"]
[SourceVersion "1"]
[SourceVersionDate "2018.10.10"]
[SourceQuality "1"]

1. d4 Nf6 2. c4 g6 3. Nc3 Bg7 4. e4 d6 5. f4 0-0 6. Be2 c5 7. d5 e6 8. dxe6 Bxe6 9. g4 Nxg4 10. Nf3 Nc6 11. Ng5 Nf6 12. h4 Nd4 13. h5 Nxe2 14. Qxe2 Bg4 15. Qg2 Bxh5 16. Be3 b6 17. Kd2 Qd7 18. Rag1 Rae8 19. Kc2 a6 20. b3 h6 21. Nh3 Qe7 22. Nf2 Kh7 23. f5 Rg8 24. fxg6+ Bxg6 25. Bxh6 Bxh6 26. Qh3 Qf8 27. Kb2 Re5 28. Ng4 Nxg4 29. Rxg4 Rh5 30. Rh4 Rxh4 31. Qxh4 Qg7 32. Ka3 Re8 33. Nd5 Re6 34. Rf1 b5 35. Nf6+ Rxf6 36. Rxf6 Qxf6 0-1

[Event "Zukertort"]
[Site "Charlesbourg"]
[Date "2015.02.16"]
[Round "2"]
[White "Potvin, Alain Nicolas"]
[Black "Boissinot, Claude"]
[Result "1-0"]
[WhiteElo "1780"]
[BlackElo "1560"]
[PlyCount "73"]
[EventDate "2015.02.09"]
[EventType "swiss"]
[EventRounds "5"]
[EventCountry "CAN"]
[SourceTitle "EXT 2019"]
[Source "ChessBase"]
[SourceDate "2018.10.10"]
[SourceVersion "1"]
[SourceVersionDate "2018.10.10"]
[SourceQuality "1"]

1. d4 Nf6 2. Nf3 e6 3. e3 Be7 4. Bd3 d5 5. 0-0 0-0 6. Nbd2 b6 7. Qe2 Bb7 8. c3 Nbd7 9. Ne5 Ne4 10. f3 Nxd2 11. Bxd2 f5 12. Be1 c5 13. Bg3 Nf6 14. Bb5 Rc8 15. Ba4 Nh5 16. Bd7 Nxg3 17. Bxe6+ Kh8 18. hxg3 Qe8 19. Bxc8 Bxc8 20. f4 Rf6 21. Kf2 Bb7 22. Rh1 h6 23. Rh2 Bd6 24. Rah1 Bxe5 25. fxe5 Re6 26. Rh5 Qf8 27. Qf3 g5 28. g4 f4 29. exf4 cxd4 30. cxd4 Qb4 31. Qc3 Qb5 32. f5 Rc6 33. Rxh6+ Rxh6 34. Rxh6+ Kg7 35. Rg6+ Kf8 36. Qa3+ Ke8 37. Rg8+ 1-0

[Event "Capablanca"]
[Site "Charlesbourg"]
[Date "2015.01.05"]
[Round "1"]
[White "Potvin, Alain Nicolas"]
[Black "Lessard, Claude"]
[Result "0-1"]
[WhiteElo "1771"]
[BlackElo "2037"]
[PlyCount "34"]
[EventDate "2015.01.05"]
[EventType "swiss"]
[EventRounds "5"]
[EventCountry "CAN"]
[SourceTitle "EXT 2019"]
[Source "ChessBase"]
[SourceDate "2018.10.10"]
[SourceVersion "1"]
[SourceVersionDate "2018.10.10"]
[SourceQuality "1"]

1. d4 Nf6 2. Nf3 g6 3. c4 c5 4. d5 b5 5. cxb5 a6 6. Nc3 d6 7. e4 Bg7 8. Bg5 0-0 9. Bd3 axb5 10. Bxb5 Nxe4 11. Nxe4 Qa5+ 12. Nc3 Bxc3+ 13. bxc3 Qxb5 14. Qc2 Ba6 15. Rb1 Qc4 16. Rb2 Nd7 17. Qb3 Qe4+ 0-1

[Event "Charlesbourg Olympiade"]
[Site "Charlesbourg"]
[Date "2014.12.08"]
[Round "5"]
[White "Potvin, Alain Nicolas"]
[Black "Beauchesne, Jonathan"]
[Result "0-1"]
[WhiteElo "1830"]
[BlackElo "1710"]
[PlyCount "46"]
[EventDate "2014.11.10"]
[EventType "swiss"]
[EventRounds "6"]
[EventCountry "CAN"]
[SourceTitle "EXT 2022"]
[Source "ChessBase"]
[SourceDate "2021.10.06"]
[SourceVersion "1"]
[SourceVersionDate "2021.10.06"]
[SourceQuality "1"]

1. d4 Nf6 2. c4 g6 3. Nc3 Bg7 4. e4 d6 5. f4 0-0 6. Nf3 c5 7. d5 Nh5 8. Be2 Bg4 9. 0-0 Nd7 10. h3 Bxf3 11. Rxf3 Bd4+ 12. Kh2 e5 13. dxe6 fxe6 14. Nb5 e5 15. Nxd6 exf4 16. Nxb7 Qc7 17. Nxc5 Qxc5 18. b4 Qe5 19. Rb1 Ndf6 20. c5 Nxe4 21. Bc4+ Kg7 22. Rbb3 Ng5 23. Rfd3 f3+ 0-1

[Event "Charlesbourg Olympiade"]
[Site "Charlesbourg"]
[Date "2014.11.17"]
[Round "2"]
[White "Beauchesne, Jonathan"]
[Black "Potvin, Alain Nicolas"]
[Result "0-1"]
[WhiteElo "1710"]
[BlackElo "1830"]
[PlyCount "112"]
[EventDate "2014.11.10"]
[EventType "swiss"]
[EventRounds "6"]
[EventCountry "CAN"]
[SourceTitle "EXT 2022"]
[Source "ChessBase"]
[SourceDate "2021.10.06"]
[SourceVersion "1"]
[SourceVersionDate "2021.10.06"]
[SourceQuality "1"]

1. e4 d6 2. d4 Nf6 3. Nc3 g6 4. Nf3 Bg7 5. Be2 0-0 6. 0-0 Bg4 7. Be3 Nbd7 8. Qd2 Re8 9. Rad1 e5 10. d5 a6 11. Ne1 Bxe2 12. Qxe2 b5 13. Nd3 Qc8 14. f3 Bf8 15. Nb4 Nb8 16. a3 Nh5 17. Qd2 f5 18. exf5 gxf5 19. f4 e4 20. Ne2 Nf6 21. Qe1 Bg7 22. c3 Qd7 23. Ng3 Kh8 24. Nc2 Rf8 25. Bd4 Ng4 26. Bxg7+ Qxg7 27. Ne3 Nxe3 28. Qxe3 Nd7 29. Rde1 Nb6 30. Nh5 Qg6 31. Qd4+ Kg8 32. Ng3 h5 33. b3 Kf7 34. Re3 Rg8 35. Rf2 Rg7 36. Ne2 h4 37. Kf1 Rh8 38. Ng1 Qf6 39. Qd2 Rg4 40. Nh3 Nd7 41. Ng5+ Ke7 42. Ne6 Rc8 43. Qc2 Nf8 44. Nd4 Ng6 45. Nxf5+ Qxf5 46. Rxe4+ Kf7 47. c4 Re8 48. Rxe8 Qxc2 49. Rxc2 Rxf4+ 50. Ke2 Kxe8 51. cxb5 axb5 52. Rxc7 Rd4 53. Rg7 Ne5 54. Rh7 Rg4 55. Kf1 Nf7 56. Rh6 Nxh6 0-1

[Event "Charlesbourg Girard Memorial"]
[Site "Charlesbourg"]
[Date "2010.09.05"]
[Round "5"]
[White "Groleau, Gilles"]
[Black "Potvin, Alain Nicolas"]
[Result "1-0"]
[WhiteElo "1950"]
[BlackElo "1750"]
[PlyCount "35"]
[EventDate "2010.09.03"]
[EventType "swiss"]
[EventRounds "5"]
[EventCountry "CAN"]
[SourceTitle "EXT 2022"]
[Source "ChessBase"]
[SourceDate "2021.10.06"]
[SourceVersion "1"]
[SourceVersionDate "2021.10.06"]
[SourceQuality "1"]

1. e4 g6 2. d4 Bg7 3. Nf3 d6 4. Be2 c6 5. 0-0 Nf6 6. Nc3 b5 7. e5 dxe5 8. dxe5 Qxd1 9. Rxd1 Ng4 10. Bf4 Nd7 11. e6 fxe6 12. Ng5 Ndf6 13. Bf3 Bd7 14. Nxb5 e5 15. Nc7+ Kf8 16. Nxa8 exf4 17. Bxg4 Bxg4 18. Rd8+ 1-0

[Event "Quebec Montcalm op 3rd"]
[Site "Quebec"]
[Date "2005.11.24"]
[Round "2"]
[White "Potvin, Alain Nicolas"]
[Black "Marquardt, Christian"]
[Result "1-0"]
[WhiteElo "1801"]
[BlackElo "2094"]
[PlyCount "56"]
[EventDate "2005.11.17"]
[EventType "swiss"]
[EventRounds "5"]
[EventCountry "CAN"]
[SourceTitle "EXT 2007"]
[Source "ChessBase"]
[SourceDate "2006.11.23"]
[SourceVersion "1"]
[SourceVersionDate "2006.11.23"]
[SourceQuality "1"]

1. d4 Nf6 2. Nf3 e6 3. e3 b6 4. Bd3 Bb7 5. Nbd2 Be7 6. 0-0 c5 7. b3 0-0 8. Bb2 d5 9. Ne5 a6 10. f4 b5 11. c4 Qb6 12. Rb1 Nc6 13. g4 Nxd4 14. Nc6 Qxc6 15. cxb5 axb5 16. Bxd4 Rxa2 17. Rc1 Qd7 18. Bb1 Raa8 19. Bxf6 Bxf6 20. g5 Be7 21. Bxh7+ Kxh7 22. Qh5+ Kg8 23. Rf3 Bxg5 24. fxg5 f5 25. gxf6 Rxf6 26. Rxf6 gxf6 27. Kf2 Qh7 28. Qxh7+ Kxh7 1-0

[Event "Quebec Montcalm op 1st"]
[Site "Quebec"]
[Date "2005.??.??"]
[Round "5"]
[White "Audet Bouchard, Nicolas"]
[Black "Potvin, Alain Nicolas"]
[Result "1-0"]
[WhiteElo "2209"]
[BlackElo "1817"]
[PlyCount "65"]
[EventDate "2005.09.25"]
[EventType "swiss"]
[EventRounds "5"]
[EventCountry "CAN"]
[SourceTitle "EXT 2007"]
[Source "ChessBase"]
[SourceDate "2006.11.23"]
[SourceVersion "1"]
[SourceVersionDate "2006.11.23"]
[SourceQuality "1"]

1. e4 d6 2. d4 Nf6 3. Nc3 g6 4. Be3 c6 5. Qd2 b5 6. Bd3 Ng4 7. Bg5 h6 8. Bh4 Bg7 9. h3 Nf6 10. Nf3 Nbd7 11. e5 b4 12. Ne2 dxe5 13. dxe5 Nd5 14. e6 Nc5 15. exf7+ Kxf7 16. 0-0 Bxb2 17. Rad1 Nxd3 18. Qxd3 Bf5 19. Qc4 Qc8 20. Ned4 Kg7 21. Rfe1 Re8 22. Nxf5+ gxf5 23. Bg3 Bc3 24. Be5+ Kh7 25. Bxc3 bxc3 26. Ne5 e6 27. Rd4 Qb7 28. Rh4 Rac8 29. Qd3 c5 30. Ng4 Qg7 31. Nxh6 Kg6 32. Rxe6+ Kg5 33. Qg3# 1-0

[Event "Quebec Montcalm op 5 1998-99"]
[Site "Quebec"]
[Date "1999.02.25"]
[Round "2"]
[White "Potvin, Alain Nicolas"]
[Black "Auger, Bertrand"]
[Result "0-1"]
[WhiteElo "1717"]
[BlackElo "2081"]
[PlyCount "56"]
[EventDate "1999.02.18"]
[EventType "swiss"]
[EventRounds "5"]
[EventCountry "CAN"]
[SourceTitle "EXT 2022"]
[Source "ChessBase"]
[SourceDate "2021.10.06"]
[SourceVersion "1"]
[SourceVersionDate "2021.10.06"]
[SourceQuality "1"]

1. d4 e6 2. Nf3 Nf6 3. Nbd2 d5 4. e3 Be7 5. Bd3 b6 6. e4 dxe4 7. Nxe4 Bb7 8. Qe2 Nbd7 9. Ne5 h6 10. 0-0 0-0 11. Ng3 c5 12. Be3 Nxe5 13. dxe5 Qd5 14. f4 Nh7 15. Rfd1 Qc6 16. Bb5 Qc8 17. Rd7 Re8 18. Qd2 a6 19. Rxb7 Qxb7 20. Bxe8 Rxe8 21. Rd1 Rd8 22. Qe2 Rd5 23. Qf3 Qd7 24. Rxd5 exd5 25. b4 Qe6 26. bxc5 bxc5 27. c3 f6 28. exf6 Nxf6 0-1

[Event "Thetford Mines Groupe Commerce"]
[Site "Thetford Mines"]
[Date "1990.07.01"]
[Round "5"]
[White "Potvin, Alain Nicolas"]
[Black "Morin, Louis"]
[Result "0-1"]
[WhiteElo "1505"]
[BlackElo "1898"]
[PlyCount "52"]
[EventDate "1990.06.29"]
[EventType "swiss"]
[EventRounds "5"]
[EventCountry "CAN"]
[SourceTitle "EXT 2022"]
[Source "ChessBase"]
[SourceDate "2021.10.06"]
[SourceVersion "1"]
[SourceVersionDate "2021.10.06"]
[SourceQuality "1"]

1. d4 d5 2. Nf3 c5 3. dxc5 Nc6 4. Nc3 e6 5. Bg5 Nf6 6. e3 Bxc5 7. Bb5 0-0 8. 0-0 a6 9. Ba4 h6 10. Bh4 b5 11. Bb3 Bb7 12. Qe2 Na5 13. Rfd1 Nxb3 14. axb3 Qe7 15. Ne5 Rfd8 16. Ng4 Qf8 17. Nxf6+ gxf6 18. Bxf6 Be7 19. Bxe7 Qxe7 20. Rd4 f5 21. Qh5 Kh7 22. Rh4 Qf6 23. Ne2 Rg8 24. f4 Bc6 25. Rh3 Rg4 26. Rg3 Be8 0-1